[Event "Moscow Aeroflot op-A"]
[Site "Moscow"]
[Date "2025.03.05"]
[Round "8"]
[White "Lavrov, Maxim"]
[Black "Pogonina, Natalija"]
[Result "1/2-1/2"]
[WhiteElo "2344"]
[BlackElo "2385"]
[PlyCount "119"]
[EventDate "2025.03.01"]
[EventType "swiss"]
[EventRounds "9"]
[EventCountry "RUS"]
[SourceTitle "CB11_2025"]
[SourceDate "2025.03.12"]
[SourceVersion "1"]
[SourceVersionDate "2025.03.12"]
[SourceQuality "1"]

1. e4 e5 2. Nf3 Nc6 3. Bb5 a6 4. Ba4 Nf6 5. 0-0 Be7 6. Re1 b5 7. Bb3 d6 8. c3 0-0 9. h3 Nb8 10. d4 Nbd7 11. Nbd2 c5 12. Nf1 Re8 13. g4 h6 14. Ng3 Bf8 15. a4 exd4 16. axb5 dxc3 17. g5 c2 18. Qxc2 hxg5 19. Nxg5 d5 20. Bf4 c4 21. Ba2 axb5 22. e5 Rxa2 23. Rxa2 Nc5 24. Rd1 d4 25. exf6 d3 26. Qc3 Qd5 27. Ra7 Bb7 28. Rxb7 Nxb7 29. Re1 b4 30. Qd2 Rc8 31. fxg7 Bxg7 32. Qxb4 c3 33. bxc3 Bxc3 34. Re8+ Rxe8 35. Qxc3 Re5 36. Nf3 Re6 37. Kg2 Nc5 38. Qd4 Qxd4 39. Nxd4 Re1 40. Kf3 f6 41. Bd2 Re5 42. Bb4 Kf7 43. h4 Na6 44. Bd2 Nc5 45. h5 Rd5 46. Ngf5 Ne6 47. Nxe6 Kxe6 48. Ng3 Re5 49. h6 Kf7 50. Ne4 Kg6 51. h7 Kxh7 52. Nxf6+ Kg6 53. Ne4 Kf5 54. Ng3+ Ke6 55. Kf4 Kd5 56. f3 Re7 57. Ne4 Kd4 58. Bc3+ Kc4 59. Bd2 Kb3 60. Nc5+ 1/2-1/2

[Event "Moscow Aeroflot op-A"]
[Site "Moscow"]
[Date "2025.03.04"]
[Round "6"]
[White "Tekeyev, Zaur"]
[Black "Lavrov, Maxim"]
[Result "1-0"]
[WhiteElo "2412"]
[BlackElo "2344"]
[PlyCount "131"]
[EventDate "2025.03.01"]
[EventType "swiss"]
[EventRounds "9"]
[EventCountry "RUS"]
[SourceTitle "CB11_2025"]
[SourceDate "2025.03.12"]
[SourceVersion "1"]
[SourceVersionDate "2025.03.12"]
[SourceQuality "1"]

1. e4 e5 2. Nf3 Nc6 3. Bc4 Nf6 4. d3 Bc5 5. 0-0 d6 6. c3 0-0 7. h3 h6 8. Re1 a6 9. Nbd2 Na5 10. b4 Nxc4 11. bxc5 Nxd2 12. Qxd2 Re8 13. cxd6 cxd6 14. a4 Nh5 15. Qe2 Qf6 16. a5 Bd7 17. c4 Nf4 18. Bxf4 Qxf4 19. Rab1 Bc6 20. Rf1 Re6 21. g3 Qf6 22. Nh4 g6 23. Qe3 Qg5 24. Qxg5 hxg5 25. Nf3 f6 26. Kg2 Kg7 27. g4 Re7 28. Kg3 Rh8 29. h4 gxh4+ 30. Nxh4 Ree8 31. Rh1 Rh7 32. Ng2 Rxh1 33. Rxh1 f5 34. f3 f4+ 35. Kf2 Rb8 36. Rb1 g5 37. Ne1 Kf6 38. Rb6 Ke6 39. Nc2 Kd7 40. Nb4 Kc7 41. d4 Rd8 42. d5 Ba4 43. c5 Bb5 44. c6 Rb8 45. cxb7 Rxb7 46. Nxa6+ Bxa6 47. Rc6+ Kd7 48. Rxa6 Rb2+ 49. Ke1 Rb3 50. Ke2 Re3+ 51. Kf2 Ra3 52. Ra7+ Kc8 53. a6 Kb8 54. Rb7+ Kc8 55. Ra7 Kb8 56. Rg7 Rxa6 57. Rxg5 Ra2+ 58. Kg1 Ra1+ 59. Kg2 Ra2+ 60. Kh3 Rf2 61. Rf5 Rxf3+ 62. Kh4 Rf1 63. g5 Kc7 64. g6 f3 65. Kg5 f2 66. Kf6 1-0

[Event "Titled Tuesday intern op 04th Feb Early"]
[Site "Chess.com INT"]
[Date "2025.02.04"]
[Round "5"]
[White "Lavrov, Maxim"]
[Black "Buchenau, Frank"]
[Result "1-0"]
[WhiteElo "2344"]
[BlackElo "2190"]
[PlyCount "49"]
[EventDate "2025.02.04"]
[EventType "swiss (blitz)"]
[EventRounds "11"]
[EventCountry "USA"]
[SourceTitle "CB07_2025"]
[SourceDate "2025.02.12"]
[SourceVersion "1"]
[SourceVersionDate "2025.02.12"]
[SourceQuality "1"]

1. Nf3 Nf6 2. g3 b6 3. Bg2 Bb7 4. 0-0 e6 5. d3 d5 6. b3 Be7 7. Bb2 0-0 8. Nbd2 Nbd7 9. c4 Re8 10. Qc2 a5 11. a3 Bd6 12. e4 dxe4 13. dxe4 e5 14. Nh4 g6 15. Rfe1 Qe7 16. Nf1 Nc5 17. f3 a4 18. b4 Nb3 19. Rad1 Nd4 20. Bxd4 exd4 21. e5 Bxe5 22. f4 d3 23. Rxd3 Bxg2 24. Nxg2 Bd4+ 25. Rxd4 1-0

[Event "Titled Tuesday intern op 04th Feb Early"]
[Site "Chess.com INT"]
[Date "2025.02.04"]
[Round "6"]
[White "Lavrov, Maxim"]
[Black "Guleryuz, Kuzey"]
[Result "1-0"]
[WhiteElo "2344"]
[BlackElo "2204"]
[PlyCount "97"]
[EventDate "2025.02.04"]
[EventType "swiss (blitz)"]
[EventRounds "11"]
[EventCountry "USA"]
[SourceTitle "CB07_2025"]
[SourceDate "2025.02.12"]
[SourceVersion "1"]
[SourceVersionDate "2025.02.12"]
[SourceQuality "1"]

1. Nf3 d5 2. g3 Nf6 3. Bg2 g6 4. 0-0 Bg7 5. d3 0-0 6. Nbd2 c5 7. e4 e6 8. Re1 Nc6 9. e5 Ng4 10. Nb3 c4 11. dxc4 dxc4 12. Qxd8 Rxd8 13. Nbd2 Ngxe5 14. Nxe5 Nxe5 15. Ne4 Nc6 16. Bg5 Rf8 17. c3 Ne5 18. Nf6+ Bxf6 19. Bxf6 Nd3 20. Re2 Rb8 21. Be7 Re8 22. Bd6 Ra8 23. b3 Rd8 24. Be7 Rd7 25. Bf6 Rb8 26. bxc4 b6 27. Bc6 Rd6 28. Be4 Ba6 29. Rd1 Bxc4 30. Red2 e5 31. Bxe5 Nxe5 32. Rxd6 Bxa2 33. Ra1 Bc4 34. Rxa7 b5 35. f4 Ng4 36. Ra8 Rxa8 37. Bxa8 Ne3 38. h3 Nf5 39. Rd8+ Kg7 40. Kf2 Kf6 41. Be4 Ke7 42. Rd2 Nd6 43. Bc2 Ke6 44. Ke3 Nb7 45. Kd4 Kd6 46. Be4 Na5 47. Rd1 Nb3+ 48. Ke3+ Kc7 49. Bc2 1-0

[Event "Titled Tuesday intern op 04th Feb Early"]
[Site "Chess.com INT"]
[Date "2025.02.04"]
[Round "3"]
[White "Lavrov, Maxim"]
[Black "Tavernier, Loris"]
[Result "1-0"]
[WhiteElo "2344"]
[BlackElo "2082"]
[PlyCount "73"]
[EventDate "2025.02.04"]
[EventType "swiss (blitz)"]
[EventRounds "11"]
[EventCountry "USA"]
[SourceTitle "CB07_2025"]
[SourceDate "2025.02.12"]
[SourceVersion "1"]
[SourceVersionDate "2025.02.12"]
[SourceQuality "1"]

1. e4 c6 2. d4 d5 3. e5 Bf5 4. Nc3 e6 5. g4 Bg6 6. Nge2 Bb4 7. Bg2 Nd7 8. 0-0 Ne7 9. f4 0-0 10. Ng3 c5 11. f5 cxd4 12. fxg6 dxc3 13. gxf7+ Kh8 14. Nh5 Rc8 15. a3 Bc5+ 16. Kh1 Nxe5 17. b4 Bd6 18. Be3 N7g6 19. Bxa7 b6 20. Qd4 Rc4 21. Qxb6 Qd7 22. h3 Qe7 23. Qf2 Rxf7 24. Qe3 Rc8 25. Bd4 Rff8 26. Rae1 Rxf1+ 27. Rxf1 Rg8 28. Bxc3 Rc8 29. Bd4 Rg8 30. b5 Nc4 31. Qc3 e5 32. Bxd5 exd4 33. Qxc4 Qh4 34. Kg2 Nf4+ 35. Rxf4 Bxf4 36. Bxg8 Be3 37. Qf7 1-0

[Event "Titled Tuesday intern op 28th Jan Early"]
[Site "Chess.com INT"]
[Date "2025.01.28"]
[Round "6"]
[White "Fantinel, Thibault"]
[Black "Lavrov, Maxim"]
[Result "0-1"]
[WhiteElo "2419"]
[BlackElo "2344"]
[PlyCount "172"]
[EventDate "2025.01.28"]
[EventType "swiss (blitz)"]
[EventRounds "11"]
[EventCountry "USA"]
[SourceTitle "CB06_2025"]
[SourceDate "2025.02.05"]
[SourceVersion "1"]
[SourceVersionDate "2025.02.05"]
[SourceQuality "1"]

1. Nf3 Nf6 2. c4 g6 3. g3 Bg7 4. Bg2 0-0 5. 0-0 d6 6. Nc3 Nbd7 7. Rb1 e5 8. d3 a5 9. a3 Nc5 10. b4 axb4 11. axb4 Ne6 12. Bb2 Re8 13. Ra1 Rxa1 14. Qxa1 c6 15. Qa7 Nd7 16. b5 Nec5 17. Nd2 e4 18. Ndxe4 Nxe4 19. Bxe4 Nc5 20. Bf3 Bh3 21. Rb1 Nb3 22. Ne4 Bxb2 23. Rxb2 d5 24. Rxb3 dxe4 25. Bg2 exd3 26. Rb1 dxe2 27. Qa1 Bxg2 28. Kxg2 Qd3 29. bxc6 bxc6 30. Kg1 Qxc4 31. Re1 Qe4 32. Qc3 h5 33. h4 Kh7 34. Qd2 Re6 35. Qc3 Kg8 36. Qd2 Qd5 37. Qc3 Qd1 38. Kg2 Qd5+ 39. Kg1 Kh7 40. Qc1 Qe4 41. Qc3 Qd5 42. Qc1 Re4 43. Qc3 Qe6 44. Qd2 c5 45. Qc3 c4 46. Qf3 Qf5 47. Qc3 Qd5 48. Qf3 f5 49. Qa3 Qd3 50. Qa7+ Kh6 51. Qb8 Kh7 52. Qc7+ Kh6 53. Qb8 Kh7 54. Qc7+ Kh6 55. Qc8 Kh7 56. Qb7+ Kh6 57. Qa8 Kh7 58. Qa5 Qd1 59. Kg2 Qxe1 60. Qxe1 c3 61. f3 Rd4 62. Qxe2 Rd2 63. Kf2 Rxe2+ 64. Kxe2 g5 65. hxg5 f4 66. gxf4 h4 67. f5 h3 68. f6 Kg6 69. f4 h2 70. f5+ Kf7 71. Kf3 h1Q+ 72. Kf4 Qf1+ 73. Ke5 Qe2+ 74. Kf4 Qf2+ 75. Ke5 Qe2+ 76. Kf4 Qf1+ 77. Ke5 Qc1 78. g6+ Kf8 79. f7 Qg5 80. Ke6 Qe7+ 81. Kd5 c2 82. f6 Qxf6 83. Ke4 Qxg6+ 84. Ke5 Qxf7 85. Kd6 Qb3 86. Ke5 c1Q 0-1

[Event "Titled Tuesday intern op 28th Jan Early"]
[Site "Chess.com INT"]
[Date "2025.01.28"]
[Round "5"]
[White "Weishaeutel, Moritz"]
[Black "Lavrov, Maxim"]
[Result "0-1"]
[WhiteElo "2401"]
[BlackElo "2344"]
[PlyCount "128"]
[EventDate "2025.01.28"]
[EventType "swiss (blitz)"]
[EventRounds "11"]
[EventCountry "USA"]
[SourceTitle "CB06_2025"]
[SourceDate "2025.02.05"]
[SourceVersion "1"]
[SourceVersionDate "2025.02.05"]
[SourceQuality "1"]

1. e4 e5 2. d4 exd4 3. Qxd4 Nc6 4. Qe3 Nge7 5. Nc3 Ng6 6. Bd2 Be7 7. 0-0-0 0-0 8. h4 Bxh4 9. g3 Bf6 10. f4 d6 11. Bd3 Bg4 12. Nge2 Nb4 13. Bc4 c6 14. Kb1 d5 15. exd5 cxd5 16. Qc5 dxc4 17. Qxb4 Qb6 18. Qxb6 axb6 19. Rde1 Rad8 20. Be3 Rfe8 21. Bxb6 Rd6 22. Bc5 Rde6 23. f5 Bxf5 24. Bf2 Bg4 25. Nc1 Rxe1 26. Bxe1 h5 27. Bf2 Bg5 28. Nb5 Re5 29. Nd6 b5 30. a4 bxa4 31. Nxc4 Rf5 32. Be3 Bf6 33. Nd3 Rf3 34. Bf2 Bf5 35. Nd2 Rxd3 36. cxd3 Bxd3+ 37. Kc1 Ne5 38. Bd4 Ng4 39. Bxf6 Nxf6 40. Re1 g5 41. Re5 g4 42. Ra5 h4 43. gxh4 Bg6 44. Rxa4 g3 45. Ra3 Nh5 46. Ra5 f6 47. Ra4 Bf5 48. Nf3 g2 49. Kd2 Ng3 50. Ra1 Nf1+ 51. Ke2 Bg4 52. Kf2 Bxf3 53. Kg1 Be4 54. b4 f5 55. b5 f4 56. b6 f3 57. Ra4 Ng3 58. Rxe4 Ne2+ 59. Rxe2 fxe2 60. b7 e1Q+ 61. Kxg2 Qe2+ 62. Kg1 Qe3+ 63. Kg2 Qb6 64. b8Q+ Qxb8 0-1

[Event "Leninskiy Dokhoian Memorial Rapid"]
[Site "Leninskiy"]
[Date "2024.11.17"]
[Round "11"]
[White "Volkov, Maksim"]
[Black "Lavrov, Maxim"]
[Result "1-0"]
[WhiteElo "2293"]
[BlackElo "2344"]
[PlyCount "73"]
[EventDate "2024.11.16"]
[EventType "swiss (rapid)"]
[EventRounds "11"]
[EventCountry "RUS"]
[SourceTitle "CB47_2024"]
[SourceDate "2024.11.20"]
[SourceVersion "1"]
[SourceVersionDate "2024.11.20"]
[SourceQuality "1"]

1. d4 g6 2. c4 Bg7 3. g3 Nf6 4. Bg2 0-0 5. Nc3 d6 6. Nf3 c6 7. e4 Nbd7 8. 0-0 e5 9. h3 Qa5 10. Re1 exd4 11. Nxd4 Ne5 12. Bf1 Re8 13. Be3 Be6 14. Nxe6 Rxe6 15. f4 Nxe4 16. fxe5 Nxg3 17. exd6 Rxe3 18. Rxe3 Qc5 19. Qd3 Nf5 20. Rae1 Nxe3 21. Ne4 Qd4 22. Rxe3 Qxb2 23. Re2 Qe5 24. c5 b6 25. cxb6 axb6 26. d7 Rd8 27. Nf2 Qg5+ 28. Kh1 Be5 29. Ng4 Bf6 30. Qd6 Kg7 31. Qxc6 h5 32. Qxf6+ Qxf6 33. Nxf6 Kxf6 34. Rd2 Ke6 35. Bc4+ Ke7 36. Bb5 f5 37. h4 1-0

[Event "Leninskiy Dokhoian Memorial Rapid"]
[Site "Leninskiy"]
[Date "2024.11.17"]
[Round "9"]
[White "Zakhartsov, Vladimir"]
[Black "Lavrov, Maxim"]
[Result "1-0"]
[WhiteElo "2501"]
[BlackElo "2344"]
[PlyCount "148"]
[EventDate "2024.11.16"]
[EventType "swiss (rapid)"]
[EventRounds "11"]
[EventCountry "RUS"]
[SourceTitle "CB47_2024"]
[SourceDate "2024.11.20"]
[SourceVersion "1"]
[SourceVersionDate "2024.11.20"]
[SourceQuality "1"]

1. c4 g6 2. Nc3 Bg7 3. d4 d6 4. e4 Nf6 5. h3 0-0 6. Be3 c5 7. d5 e6 8. Nf3 exd5 9. cxd5 Re8 10. Nd2 Na6 11. Bd3 Nc7 12. 0-0 Rb8 13. a4 a6 14. a5 Bd7 15. Bf4 Bb5 16. Qc2 Qd7 17. Rfe1 Re7 18. Nc4 Bxc4 19. Bxc4 Rbe8 20. Qd3 Nh5 21. Bg5 Re5 22. Bd2 R5e7 23. Na4 Nb5 24. Nb6 Qd8 25. Bg5 Bf6 26. Bxf6 Nxf6 27. Bxb5 axb5 28. f3 c4 29. Qa3 Re5 30. Qb4 Nh5 31. Qxb5 Nf4 32. Qd7 Qf6 33. Nxc4 Rd8 34. Qc7 Rg5 35. Ne3 Nxh3+ 36. Kf1 Nf4 37. Qc3 Qe7 38. Ng4 Rxg4 39. fxg4 Qh4 40. Qf3 g5 41. Kg1 h5 42. g3 Qh3 43. Ra3 hxg4 44. Qh1 Ng6 45. Qxh3 gxh3 46. g4 Nf4 47. Kh2 Re8 48. Rc3 Nxd5 49. Rxh3 Nf6 50. Rb3 Re7 51. Kg3 d5 52. e5 Ne4+ 53. Kg2 Nc5 54. Rc3 Ne6 55. b4 d4 56. Rc8+ Kg7 57. Kf3 Nf4 58. Rd1 d3 59. Rc5 Ng6 60. Ke4 f6 61. Rxd3 Nxe5 62. Rdc3 Nd7+ 63. Kd4 Nxc5 64. Rxc5 Kg6 65. Rb5 Kf7 66. Rb6 Rc7 67. Kd5 Ke7 68. b5 Rd7+ 69. Ke4 Kf7 70. a6 bxa6 71. bxa6 Rd1 72. a7 Ra1 73. Rb7+ Kg6 74. Rc7 f5+ 1-0

[Event "Leninskiy Dokhoian Memorial Rapid"]
[Site "Leninskiy"]
[Date "2024.11.16"]
[Round "2"]
[White "Lavrov, Maxim"]
[Black "Ponkratov, Pavel"]
[Result "0-1"]
[WhiteElo "2344"]
[BlackElo "2562"]
[PlyCount "118"]
[EventDate "2024.11.16"]
[EventType "swiss (rapid)"]
[EventRounds "11"]
[EventCountry "RUS"]
[SourceTitle "CB47_2024"]
[SourceDate "2024.11.20"]
[SourceVersion "1"]
[SourceVersionDate "2024.11.20"]
[SourceQuality "1"]

1. Nf3 d5 2. g3 b6 3. Bg2 Bb7 4. 0-0 Nf6 5. d3 Nbd7 6. b3 e5 7. Bb2 Bd6 8. c4 0-0 9. cxd5 Nxd5 10. Nbd2 c5 11. Nc4 Qe7 12. e3 Bc7 13. d4 e4 14. Nfe5 Nxe5 15. dxe5 Rad8 16. Qg4 f5 17. exf6 Nxf6 18. Bxf6 Rxf6 19. Rad1 Rff8 20. Rxd8 Rxd8 21. Rd1 Rxd1+ 22. Qxd1 b5 23. Nd2 Ba5 24. Qc2 Bxd2 25. Qxd2 Bc6 26. h4 Kf7 27. Bh3 Ke8 28. Qd1 g6 29. h5 Qd8 30. Qg4 Qd7 31. hxg6 Qxg4 32. Bxg4 hxg6 33. Kf1 Bd5 34. Ke1 Ke7 35. Kd2 Kd6 36. Be2 b4 37. Kc2 a5 38. Kd2 a4 39. Kc2 a3 40. Bf1 Ke5 41. Be2 Kf5 42. Kb1 Kg5 43. Kc2 Be6 44. Kb1 Bg4 45. Bf1 Bf3 46. Bh3 Be2 47. Kc2 Bd3+ 48. Kc1 Kf6 49. Bg4 c4 50. bxc4 Bxc4 51. Kb1 Ke5 52. Bd1 Kf5 53. f4 exf3 54. Bxf3 g5 55. Ka1 Bd3 56. g4+ Ke5 57. Be4 Be2 58. Bf5 Bf3 59. Bc8 Ke4 0-1

[Event "Minsk Bronstein 100 Memorial op"]
[Site "Minsk"]
[Date "2024.02.18"]
[Round "10"]
[White "Venskaya, Nika"]
[Black "Lavrov, Maxim"]
[Result "1/2-1/2"]
[WhiteElo "1602"]
[BlackElo "2344"]
[PlyCount "112"]
[EventDate "2024.02.17"]
[EventType "swiss"]
[EventRounds "10"]
[EventCountry "BLR"]
[SourceTitle "CBM 218 Extra"]
[Source "ChessBase"]
[SourceDate "2024.03.31"]
[SourceVersion "1"]
[SourceVersionDate "2024.03.31"]
[SourceQuality "1"]

1. d4 Nf6 2. Nf3 g6 3. g3 Bg7 4. Bg2 0-0 5. 0-0 d6 6. c4 c6 7. Nc3 Qa5 8. h3 e5 9. e4 Nbd7 10. Be3 exd4 11. Nxd4 Ne5 12. Qe2 Re8 13. f4 Ned7 14. a3 Qc7 15. Qf2 Nc5 16. Qc2 Bxh3 17. Bxh3 Nfxe4 18. Rf3 f5 19. Rd1 Re7 20. Nce2 Rae8 21. b4 Nd7 22. Rd3 Ndf6 23. Kg2 a6 24. Nb3 Ng4 25. Bg1 Nc5 26. Rd2 Ne4 27. Rdd3 Ng5 28. Nbc1 Nxf3 29. Rxf3 c5 30. Bxg4 fxg4 31. Rd3 Qc6+ 32. Kf1 cxb4 33. axb4 b5 34. c5 dxc5 35. Qxc5 Qxc5 36. Bxc5 Re4 37. Rd2 h5 38. Nd3 Rd8 39. Nf2 Rxd2 40. Nxe4 Rd1+ 41. Kg2 Ra1 42. Nd4 Ra2+ 43. Kf1 a5 44. bxa5 Rxa5 45. Nc6 Ra4 46. Ng5 Bf6 47. Ne6 Kf7 48. Ned8+ Bxd8 49. Nxd8+ Kf6 50. Ke2 Kf5 51. Ke3 b4 52. Nc6 Ra3+ 53. Kf2 Ke4 54. Bxb4 Ra2+ 55. Kf1 Kf3 56. Be1 Ra6 1/2-1/2

[Event "Minsk Bronstein 100 Memorial op"]
[Site "Minsk"]
[Date "2024.02.17"]
[Round "4"]
[White "Anchuk, Aleksandr"]
[Black "Lavrov, Maxim"]
[Result "1/2-1/2"]
[WhiteElo "1633"]
[BlackElo "2344"]
[PlyCount "91"]
[EventDate "2024.02.17"]
[EventType "swiss"]
[EventRounds "10"]
[EventCountry "BLR"]
[SourceTitle "CBM 218 Extra"]
[Source "ChessBase"]
[SourceDate "2024.03.31"]
[SourceVersion "1"]
[SourceVersionDate "2024.03.31"]
[SourceQuality "1"]

1. d4 Nf6 2. Nf3 g6 3. Nc3 Bg7 4. e4 d6 5. Be3 a6 6. Qd2 h5 7. 0-0-0 b5 8. Bd3 Bb7 9. d5 Nbd7 10. Kb1 Ng4 11. Bd4 Bxd4 12. Nxd4 Nc5 13. f3 Ne5 14. f4 Nexd3 15. cxd3 b4 16. Nce2 a5 17. f5 gxf5 18. Nxf5 Qd7 19. Ng7+ Kf8 20. Nf5 Bxd5 21. Qg5 Ne6 22. Qxe7+ Qxe7 23. Nxe7 Bxa2+ 24. Kxa2 Kxe7 25. d4 Rhg8 26. Ng3 h4 27. Nf5+ Kd7 28. Nxh4 Rg4 29. g3 Rxe4 30. d5 Ng5 31. Rhf1 Rae8 32. Rf5 R8e5 33. Rdf1 Rxf5 34. Rxf5 Re5 35. Rxe5 dxe5 36. Nf5 e4 37. h4 Nh7 38. Kb3 Nf6 39. Ne3 Kd6 40. Kc4 Ke5 41. Kc5 a4 42. Nc4+ Kf5 43. Ne3+ Ke5 44. Nc4+ Kf5 45. Ne3+ Ke5 46. Nc4+ 1/2-1/2

[Event "Minsk Bronstein 100 Memorial op"]
[Site "Minsk"]
[Date "2024.02.17"]
[Round "2"]
[White "Vitsiuk, Anton"]
[Black "Lavrov, Maxim"]
[Result "1/2-1/2"]
[WhiteElo "1525"]
[BlackElo "2344"]
[PlyCount "93"]
[EventDate "2024.02.17"]
[EventType "swiss"]
[EventRounds "10"]
[EventCountry "BLR"]
[SourceTitle "CBM 218 Extra"]
[Source "ChessBase"]
[SourceDate "2024.03.31"]
[SourceVersion "1"]
[SourceVersionDate "2024.03.31"]
[SourceQuality "1"]

1. e4 e5 2. Nf3 Nc6 3. c3 Nge7 4. d4 exd4 5. cxd4 d5 6. e5 Bg4 7. Be3 Nf5 8. Bb5 Bb4+ 9. Nc3 0-0 10. Bxc6 bxc6 11. h3 Bh5 12. Qd3 Bxf3 13. Qxf5 Be4 14. Qg4 f5 15. Qg3 Qe7 16. 0-0 Qe6 17. Nxe4 fxe4 18. Rac1 a5 19. Rc2 a4 20. Rfc1 Ra6 21. a3 Be7 22. Qg4 Qxg4 23. hxg4 Rb8 24. Rxc6 Rxc6 25. Rxc6 Rxb2 26. Rxc7 Bxa3 27. Ra7 Rb1+ 28. Kh2 Bc1 29. e6 Kf8 30. Rxa4 Bxe3 31. fxe3 Ke7 32. Ra7+ Kxe6 33. Kg3 g5 34. Rxh7 Rb2 35. Rh6+ Kf7 36. Rd6 Rb5 37. Rd7+ Ke6 38. Rg7 Kf6 39. Rg8 Rb3 40. Kf2 Rb2+ 41. Kg3 Re2 42. Rf8+ Ke6 43. Re8+ Kd6 44. Rd8+ Ke6 45. Re8+ Kd6 46. Rd8+ Ke6 47. Re8+ 1/2-1/2

[Event "Titled Tuesday intern op 27th Dec Early"]
[Site "Chess.com INT"]
[Date "2022.12.27"]
[Round "5"]
[White "Lavrov, Maxim"]
[Black "Osinovsky, Stepan"]
[Result "0-1"]
[WhiteElo "2376"]
[BlackElo "2241"]
[PlyCount "62"]
[EventDate "2022.12.27"]
[EventType "swiss (blitz)"]
[EventRounds "11"]
[EventCountry "USA"]
[SourceTitle "EXT 2024"]
[Source "ChessBase"]
[SourceDate "2023.10.10"]
[SourceVersion "1"]
[SourceVersionDate "2023.10.10"]
[SourceQuality "1"]

1. Nf3 Nf6 2. g3 g6 3. Bg2 Bg7 4. 0-0 0-0 5. d3 d6 6. Nbd2 e5 7. e4 Nbd7 8. Re1 Nh5 9. Nc4 Qe8 10. c3 f5 11. exf5 gxf5 12. Ng5 Ndf6 13. d4 e4 14. Nh3 d5 15. Ne5 Ng4 16. Nxg4 fxg4 17. Nf4 c6 18. c4 Be6 19. cxd5 cxd5 20. Be3 Rd8 21. Qb3 Rd7 22. Nxh5 Qxh5 23. Bxe4 Rf6 24. Bg2 Bh6 25. Rac1 Rdf7 26. Bxh6 Rxh6 27. Rxe6 Qxh2+ 28. Kf1 Rxe6 29. Qxd5 Ref6 30. Qg5+ Rg6 31. Rc8+ Kg7 0-1

[Event "Penang op-A 14th"]
[Site "Penang"]
[Date "2022.12.19"]
[Round "1"]
[White "Lavrov, Maxim"]
[Black "Eggers, Paul S"]
[Result "1-0"]
[WhiteElo "2376"]
[BlackElo "1735"]
[PlyCount "45"]
[EventDate "2022.12.19"]
[EventType "swiss"]
[EventRounds "9"]
[EventCountry "MAS"]
[SourceTitle "CBM 211 Extra"]
[Source "ChessBase"]
[SourceDate "2023.01.31"]
[SourceVersion "1"]
[SourceVersionDate "2023.01.31"]
[SourceQuality "1"]

1. e4 c5 2. c3 d5 3. exd5 Qxd5 4. d4 e6 5. Nf3 Nf6 6. Bd3 Nc6 7. 0-0 Be7 8. Na3 0-0 9. Nc2 cxd4 10. cxd4 b6 11. Bg5 Bb7 12. Re1 Qd8 13. Qe2 Nb4 14. Bxf6 gxf6 15. Nxb4 Bxb4 16. Red1 Qd5 17. Ba6 Rac8 18. Bxb7 Qxb7 19. d5 Rfe8 20. dxe6 fxe6 21. Ne5 Bf8 22. Rd7 Rc7 23. Qg4+ 1-0

[Event "Titled Tuesday intern op 25th Jan"]
[Site "Chess.com INT"]
[Date "2022.01.25"]
[Round "5"]
[White "Dudzinski, Pawel"]
[Black "Lavrov, Maxim"]
[Result "0-1"]
[WhiteElo "2193"]
[BlackElo "2398"]
[PlyCount "90"]
[EventDate "2022.01.25"]
[EventType "swiss (blitz)"]
[EventRounds "11"]
[EventCountry "USA"]
[SourceTitle "CBM 206 Extra"]
[Source "ChessBase"]
[SourceDate "2022.03.31"]
[SourceVersion "1"]
[SourceVersionDate "2022.03.31"]
[SourceQuality "1"]

1. e4 g6 2. Nc3 Bg7 3. g3 d6 4. Bg2 Nf6 5. d4 0-0 6. Nge2 e5 7. h3 exd4 8. Nxd4 d5 9. e5 Ne4 10. Bf4 Nxc3 11. bxc3 Re8 12. Nf3 Nc6 13. 0-0 Nxe5 14. Nxe5 Bxe5 15. Bxe5 Rxe5 16. f4 Re3 17. Qd4 Rxg3 18. Kh2 Qh4 19. Qf2 Rxh3+ 20. Bxh3 Qxh3+ 21. Kg1 Bf5 22. Qg2 Qxg2+ 23. Kxg2 Bxc2 24. Kg3 Re8 25. Rfe1 Be4 26. Rad1 Kf8 27. c4 dxc4 28. Rd7 Bc6 29. Rxe8+ Kxe8 30. Rd4 b5 31. f5 g5 32. f6 h5 33. a3 a6 34. Rd1 Bd7 35. Rd5 h4+ 36. Kh2 g4 37. Rh5 g3+ 38. Kg2 Bc6+ 39. Kh3 g2 40. Rg5 c3 41. Re5+ Kd7 42. Re1 c2 43. Kxh4 Bf3 44. Kg3 Bd1 45. Rxd1+ cxd1Q 0-1

[Event "Titled Tuesday intern op 25th Jan"]
[Site "Chess.com INT"]
[Date "2022.01.25"]
[Round "7"]
[White "Lavrov, Maxim"]
[Black "Baches Garcia, Guillermo"]
[Result "1-0"]
[WhiteElo "2398"]
[BlackElo "2329"]
[PlyCount "61"]
[EventDate "2022.01.25"]
[EventType "swiss (blitz)"]
[EventRounds "11"]
[EventCountry "USA"]
[SourceTitle "CBM 206 Extra"]
[Source "ChessBase"]
[SourceDate "2022.03.31"]
[SourceVersion "1"]
[SourceVersionDate "2022.03.31"]
[SourceQuality "1"]

1. Nf3 Nf6 2. g3 g6 3. Bg2 Bg7 4. 0-0 0-0 5. d3 d6 6. Nbd2 c5 7. e4 Nc6 8. Re1 Rb8 9. a4 a6 10. Nc4 Bg4 11. h3 Bxf3 12. Bxf3 b5 13. axb5 axb5 14. Ne3 Nd7 15. Bg2 b4 16. h4 Nd4 17. h5 Ra8 18. Rxa8 Qxa8 19. e5 Qa2 20. exd6 exd6 21. Nd5 Qb1 22. h6 Bf6 23. Bh3 Ne6 24. Rxe6 fxe6 25. Bxe6+ Kh8 26. Bxd7 Bxb2 27. Bxb2+ Qxb2 28. Qd2 b3 29. Ne3 Qa1+ 30. Kg2 Qa2 31. Qc3+ 1-0

[Event "Titled Tuesday intern op 25th Jan"]
[Site "Chess.com INT"]
[Date "2022.01.25"]
[Round "10"]
[White "Lavrov, Maxim"]
[Black "Cherniaiev, Tykhon"]
[Result "0-1"]
[WhiteElo "2398"]
[BlackElo "2209"]
[PlyCount "80"]
[EventDate "2022.01.25"]
[EventType "swiss (blitz)"]
[EventRounds "11"]
[EventCountry "USA"]
[SourceTitle "CBM 206 Extra"]
[Source "ChessBase"]
[SourceDate "2022.03.31"]
[SourceVersion "1"]
[SourceVersionDate "2022.03.31"]
[SourceQuality "1"]

1. Nf3 Nf6 2. g3 d5 3. Bg2 c6 4. 0-0 Bf5 5. d3 h6 6. b3 e6 7. Bb2 Be7 8. Nbd2 0-0 9. Re1 Bh7 10. e4 dxe4 11. Nxe4 Nbd7 12. Nfd2 Nxe4 13. dxe4 Qc7 14. e5 Rad8 15. Qe2 Bxc2 16. Ne4 Bxe4 17. Bxe4 Nc5 18. Bc2 Qa5 19. Qc4 Qb5 20. Qg4 Rd2 21. Rac1 Nd3 22. Qe4 Rxc2 23. Rxc2 Nxe1 24. Qxe1 Rd8 25. Rd2 Qa5 26. Bc3 Qc7 27. Qe3 Rxd2 28. Bxd2 Qd7 29. Bc3 c5 30. Qe4 Qd5 31. Qa4 Qf3 32. Ba5 Qd1+ 33. Kg2 Qd5+ 34. f3 Qxe5 35. Qe8+ Bf8 36. Bd8 Qd6 37. h4 b5 38. h5 c4 39. Bh4 c3 40. Qc8 Qc5 0-1

[Event "Sousse BICA op 1st"]
[Site "Sousse"]
[Date "2021.12.25"]
[Round "3"]
[White "Iskandarov, Misratdin"]
[Black "Lavrov, Maxim"]
[Result "1/2-1/2"]
[WhiteElo "2548"]
[BlackElo "2398"]
[PlyCount "94"]
[EventDate "2021.12.24"]
[EventType "swiss"]
[EventRounds "9"]
[EventCountry "TUN"]
[SourceTitle "CBM 205 Extra"]
[Source "ChessBase"]
[SourceDate "2022.01.31"]
[SourceVersion "1"]
[SourceVersionDate "2022.01.31"]
[SourceQuality "1"]

1. e4 e5 2. Nf3 Nc6 3. Bb5 a6 4. Ba4 Nf6 5. 0-0 Be7 6. Bxc6 dxc6 7. Nc3 Nd7 8. d4 f6 9. dxe5 fxe5 10. Ng5 Nf6 11. Qxd8+ Bxd8 12. f4 exf4 13. Bxf4 h6 14. Nf3 0-0 15. Bg3 Nh5 16. Be5 Be6 17. h3 Bc4 18. Rfe1 Nf4 19. b3 Be6 20. Nd4 Bf6 21. Bxf6 Rxf6 22. Nxe6 Rxe6 23. Rf1 Rf8 24. Kh2 Re5 25. Rf2 Ne6 26. Rd2 Rc5 27. Na4 Re5 28. Re1 Rf4 29. Nc3 b5 30. a3 a5 31. b4 a4 32. Re3 h5 33. g3 Rf1 34. h4 g5 35. Kg2 Rf7 36. Ne2 Rg7 37. hxg5 Rgxg5 38. Nd4 Nxd4 39. Rxd4 c5 40. Rd8+ Kh7 41. Kf3 cxb4 42. axb4 c5 43. Kf4 cxb4 44. Rd7+ Kh6 45. Rd6+ Kh7 46. Rd7+ Kh6 47. Rd6+ Kh7 1/2-1/2